[Event "26th Troya Open 2018"]
[Site "Canakkale"]
[Date "2018.08.05"]
[Round "4.2"]
[White "Mgeladze, Tamaz"]
[Black "Abdulla, Khayala"]
[Result "1/2-1/2"]
[WhiteElo "2400"]
[BlackElo "2245"]
[Annotator "RC"]
[PlyCount "156"]
[EventDate "2018.08.06"]
[EventType "swiss"]
[EventCountry "TUR"]
[SourceTitle "playchess.com"]
[Source "ChessBase"]
[SourceQuality "1"]
[TimeControl "5400+30"]

1. c4 {[%emt 0:09:30]} e5 {[%emt 0:01:30]} 2. Nc3 {[%emt 0:00:30]} Nf6 {[%emt 0:00:00]} 3. Nf3 {[%emt 0:02:30]} Nc6 {[%emt 0:01:00]} 4. g3 {[%emt 0:02:30]} d5 {[%emt 0:01:30]} 5. cxd5 {[%emt 0:00:30]} Nxd5 {[%emt 0:00:00]} 6. Bg2 {[%emt 0:03:30]} Nb6 {[%emt 0:00:00]} 7. O-O {[%emt 0:00:00]} Be7 {[%emt 0:00:00]} 8. d3 {[%emt 0:00:00]} O-O {[%emt 0:00:00]} 9. Be3 {[%emt 0:00:30]} Be6 {[%emt 0:03:30]} 10. Rc1 {[%emt 0:01:30]} f5 {[%emt 0:03:30]} 11. a3 {[%emt 0:04:30]} Bf6 {[%emt 0:01:30]} 12. b4 {[%emt 0:06:30]} Nd4 {[%emt 0:06:30]} 13. Bxd4 {[%emt 0:14:30]} exd4 {[%emt 0:00:30]} 14. Na4 {[%emt 0:00:00]} Nxa4 {[%emt 0:01:30]} 15. Qxa4 {[%emt 0:00:00]} a6 {[%emt 0:05:30]} 16. Qc2 {[%emt 0:06:30]} c6 {[%emt 0:00:30]} 17. Rb1 {[%emt 0:00:00]} Re8 {[%emt 0:06:30]} 18. Nd2 {[%emt 0:01:00]} Qe7 {[%emt 0:05:30]} 19. a4 {[%emt 0:01:30]} Qf7 {[%emt 0:02:30]} 20. Rfe1 {[%emt 0:02:30]} Re7 {[%emt 0:05:30]} 21. Nb3 {[%emt 0:02:30]} Rae8 {[%emt 0:02:30]} 22. Nc5 {[%emt 0:01:30]} Bd5 {[%emt 0:04:30]} 23. Bxd5 {[%emt 0:00:30]} Qxd5 {[%emt 0:00:30]} 24. Qb3 {[%emt 0:00:30]} Qxb3 {[%emt 0:02:30]} 25. Rxb3 {[%emt 0:01:30]} Be5 {[%emt 0:00:30]} 26. Rb2 {[%emt 0:07:30]} Bd6 {[%emt 0:01:30]} 27. a5 {[%emt 0:02:30]} Bxc5 {[%emt 0:03:30]} 28. bxc5 {[%emt 0:00:30]} Re5 {[%emt 0:00:00]} 29. Rxb7 {[%emt 0:02:30]} Rxc5 {[%emt 0:00:00]} 30. Rd7 {[%emt 0:02:30]} Rd5 {[%emt 0:03:30]} 31. Rc7 {[%emt 0:02:30]} Rxa5 {[%emt 0:11:30]} 32. Rxc6 {[%emt 0:00:30]} Kf7 {[%emt 0:01:30]} 33. Rd6 {[%emt 0:00:30]} Ra4 {[%emt 0:00:30]} 34. Kf1 {[%emt 0:00:30]} Re7 {[%emt 0:00:30]} 35. Rc1 {[%emt 0:02:30]} Ra2 {[%emt 0:07:51]} 36. Rxd4 {[%emt 0:02:10]} Raxe2 {[%emt 0:02:27]} 37. Ra1 {[%emt 0:01:53]} R7e6 {[%emt 0:01:46]} 38. Rf4 {[%emt 0:03:25]} Kf6 {[%emt 0:05:02]} 39. h4 {[%emt 0:00:23]} h5 {[%emt 0:01:14]} 40. Ra5 {[%emt 0:02:51]} g6 {[%emt 0:00:30]} 41. Rfa4 {[%emt 0:00:30]} Rd2 {[%emt 0:00:30]} 42. Rd4 {[%emt 0:01:25]} Kg7 {[%emt 0:04:46]} 43. Rd7+ {[%emt 0:00:33]} Kh6 {[%emt 0:01:37]} 44. Ra4 {[%emt 0:01:20]} Rd1+ {[%emt 0:00:45]} 45. Kg2 {[%emt 0:00:02]} Rd2 {[%emt 0:00:13]} 46. Rdd4 {[%emt 0:05:59]} Ree2 {[%emt 0:01:27]} 47. Rf4 {[%emt 0:00:30]} Rxd3 {[%emt 0:00:30]} 48. Rxa6 {[%emt 0:00:00]} Rd5 {[%emt 0:00:00]} 49. Ra7 {[%emt 0:00:00]} Rde5 {[%emt 0:01:02]} 50. Rd4 {[%emt 0:01:10]} Re7 {[%emt 0:00:18]} 51. Ra8 {[%emt 0:00:21]} Re8 {[%emt 0:00:30]} 52. Raa4 {[%emt 0:00:00]} Kg7 {[%emt 0:00:37]} 53. Kf3 {[%emt 0:00:45]} Rb2 {[%emt 0:00:58]} 54. Ra7+ {[%emt 0:01:38]} Kf6 {[%emt 0:00:02]} 55. Rdd7 {[%emt 0:00:16]} Rb3+ {[%emt 0:01:37]} 56. Kg2 {[%emt 0:00:01]} Rb6 {[%emt 0:00:42]} 57. Rf7+ {[%emt 0:00:53]} Ke5 {[%emt 0:00:59]} 58. Ra5+ {[%emt 0:00:37]} Ke6 {[%emt 0:00:30]} 59. Rg7 {[%emt 0:00:00]} Kf6 {[%emt 0:00:16]} 60. Raa7 {[%emt 0:00:22]} Rf8 {[%emt 0:00:03]} 61. Rh7 {[%emt 0:01:20]} Rc6 {[%emt 0:00:15]} 62. Rhb7 {[%emt 0:00:24]} Rd6 {[%emt 0:00:37]} 63. Kf3 {[%emt 0:00:30]} Rd3+ {[%emt 0:00:00]} 64. Kf4 {[%emt 0:00:59]} Rd4+ {[%emt 0:00:18]} 65. Ke3 {[%emt 0:00:03]} Re4+ {[%emt 0:00:05]} 66. Kf3 {[%emt 0:00:30]} Re6 {[%emt 0:00:05]} 67. Rd7 {[%emt 0:01:21]} Rb6 {[%emt 0:00:09]} 68. Re7 {[%emt 0:01:03]} Rb3+ {[%emt 0:02:00]} 69. Re3 {[%emt 0:00:02]} Rxe3+ {[%emt 0:00:37]} 70. fxe3 {[%emt 0:00:24]} Re8 {[%emt 0:00:14]} 71. Ra6+ {[%emt 0:00:30]} Kf7 {[%emt 0:00:05]} 72. Rd6 {[%emt 0:00:02]} Kg7 {[%emt 0:00:16]} 73. Ke2 {[%emt 0:01:09]} Ra8 {[%emt 0:01:11]} 74. Rc6 {[%emt 0:00:25]} Ra2+ {[%emt 0:00:50]} 75. Kf3 {[%emt 0:00:03]} Ra1 {[%emt 0:01:37]} 76. Rd6 {[%emt 0:00:54]} Ra4 {[%emt 0:00:34]} 77. Rd4 {[%emt 0:00:04]} Ra6 {[%emt 0:00:31]} 78. Kf4 {[%emt 0:00:30]} Kf6 {[%emt 0:00:00]} 1/2-1/2

[Event "26th Troya Open 2018"]
[Site "Canakkale"]
[Date "2018.08.05"]
[Round "4.3"]
[White "Benidze, Davit"]
[Black "Gokbulut, Julia"]
[Result "1-0"]
[WhiteElo "2488"]
[BlackElo "2076"]
[Annotator "TA"]
[PlyCount "81"]
[EventDate "2018.08.06"]
[EventType "swiss"]
[EventCountry "TUR"]
[SourceTitle "playchess.com"]
[Source "ChessBase"]
[SourceQuality "1"]

{[%evp 13,81,77,81,84,110,77,68,65,72,68,70,68,78,55,112,114,118,84,86,93,81,84,88,71,91,88,124,100,118,106,127,69,71,77,108,86,85,87,81,84,152,60,150,153,145,145,159,129,224,218,227,169,210,213,216,218,327,231,902,897,877,855,903,898,891,893,875,847,872,829]} 1. Nf3 d5 2. g3 Bg4 3. Bg2 c6 4. c4 Bxf3 (4... Nf6 5. Ne5 Be6 6. cxd5 Bxd5 7. Nf3 c5 8. Nc3 Bc6 9. O-O e6 10. Qc2 Be7 11. Rd1 O-O 12. d4 cxd4 13. Nxd4 Bxg2 14. Kxg2 Nbd7 15. Bg5 {½-½ (15) Svidler,P (2765)-Karjakin,S (2760) Riadh 2017}) 5. Bxf3 dxc4 6. Na3 {[%cal Bb1a3,Ba3c4,Bc4e3][%mdl 32] A11: English Opening: 1...c6} Nd7 7. Nxc4 e5 {LiveBook: 4 Games} 8. O-O {White is better.} Ngf6 9. Qb3 $146 ({Predecessor:} 9. d4 e4 10. Bg2 Nb6 11. Nd2 Qe7 12. e3 {1-0 (56) Viskic,P (2176)-Uysal,B (2196) Djenovici 2018}) 9... b5 {...e4 is the strong threat.} 10. Ne3 Rc8 11. d3 Nc5 12. Qc3 Qc7 13. Ng4 Ncd7 (13... Nfd7 $1 $14) 14. Nxf6+ $16 Nxf6 15. a4 {Hoping for axb5.} b4 16. Qc4 Bd6 17. Bd2 a5 18. Rfc1 {[%cal Rf3c6]} c5 19. Qb5+ Ke7 20. Be3 Nd7 21. b3 $36 {[%mdl 2048] White is in control.} h5 22. Qc4 (22. Rc2 $16) 22... Kf8 $14 23. Rc2 h4 24. Rac1 hxg3 25. hxg3 g6 26. Qb5 f5 ({Black should play} 26... Rh7) 27. Bg2 (27. d4 $1 $16 {[%cal Rd4c5]} exd4 28. Bxd4 $1 {[%mdl 512]}) 27... Rh7 {[#]} (27... Be7 $14) 28. d4 $1 $16 {[%cal Rd4e5]} exd4 {[#]} 29. Bxd4 $1 {[%mdl 512]} Re7 (29... cxd4 30. Rxc7) 30. Qd3 Qb6 {[#]} (30... Rd8 $16 31. Qa6 Rde8) 31. Qd2 $1 $18 {[%cal Rd2h6] Strongly threatening Qh6+.} Rh7 32. Rd1 Re8 33. Be3 Be5 34. Rc4 Re6 (34... Qc7 $142 35. Kf1 Rhe7) 35. Qc1 Bc3 $2 {[#]} (35... Rd6 36. Bd5 Kg7 37. Bxc5 Nxc5 38. Rxc5 Rd7) 36. Rxd7 $1 {[%mdl 512] White is clearly winning.} Rxd7 37. Bxc5+ Red6 38. Bxb6 {Threatens to win with Bc5.} Rd1+ 39. Qxd1 $1 Rxd1+ 40. Kh2 Rb1 41. Bd5 {Precision: White = 67%, Black = 43%.} 1-0

[Event "26th Troya Open 2018"]
[Site "Canakkale"]
[Date "2018.08.05"]
[Round "4.4"]
[White "Can, Melih Kaan"]
[Black "Darban, Morteza"]
[Result "0-1"]
[WhiteElo "2183"]
[BlackElo "2331"]
[Annotator "TA"]
[PlyCount "114"]
[EventDate "2018.08.06"]
[EventType "swiss"]
[EventCountry "TUR"]
[SourceTitle "playchess.com"]
[Source "ChessBase"]
[SourceQuality "1"]

{[%evp 18,114,29,0,53,32,42,18,41,20,31,38,31,24,32,3,18,0,33,19,38,0,49,0,85,25,81,23,33,2,27,0,14,-52,0,-10,0,-80,6,-76,-65,-159,-132,-217,-70,-62,-62,-64,-69,-70,-68,-66,-49,-66,-50,-78,-35,-95,-94,-134,-54,-125,-103,-147,-143,-150,-147,-210,-210,-264,-260,-268,-261,-325,-295,-315,-304,-458,-464,-387,-377,-464,-403,-551,-553,-547,-545,-618,-595,-567,-553,-504,-503,-547,-535,-765,-734,-654,-545]} 1. e4 d6 2. d4 g6 3. Nc3 c6 4. Nf3 Bg7 5. h3 Qc7 (5... Nf6 6. a4 O-O 7. a5 d5 8. Bd3 c5 9. dxc5 dxe4 10. Nxe4 Nxe4 11. Bxe4 Na6 12. Qxd8 Rxd8 13. c6 bxc6 14. O-O Rb8 15. Be3 c5 16. Rad1 Rf8 17. b3 Rb5 18. Bg5 Bf6 19. Bh6 Bg7 20. Bg5 Bf6 21. Bh6 Bg7 {½-½ (21) Wan,Y (2500)-Andreikin,D (2702) China 2018}) 6. a4 {B06: Modern Defence} Nf6 7. Bd3 Nbd7 8. O-O O-O 9. Re1 e5 10. Be3 $146 {LiveBook: 3 Games} ({Predecessor:} 10. dxe5 dxe5 11. Be3 Re8 12. Nb1 Nh5 13. c3 {½-½ (63) Sanal,V (2210)-Soysal,S (1795) Konya 2011}) 10... a5 (10... exd4 $11 11. Nxd4 Re8) 11. dxe5 Nxe5 12. Bf1 Be6 13. Nd2 d5 14. f4 Ned7 $1 15. e5 Ne8 {[%cal Bf6e8,Be8c7,Bc7a6,Ba6c5,Bc5e4][%mdl 32]} 16. Nf3 Qd8 17. Qd2 Nc7 18. Qf2 Qe7 19. g4 Na6 20. Ne2 Rae8 (20... f6 $11) 21. Ng3 (21. Ned4 $16 {And now Bxa6 would win.} Nac5 22. f5 (22. Nxe6 fxe6 23. Qh2 Ne4 $11)) 21... f5 (21... f6 $1 $11 {remains equal.} 22. exf6 Qxf6) 22. g5 (22. gxf5 $16 Bxf5 23. Nxf5 Rxf5 24. Nd4) 22... Nac5 $11 23. Nd4 Ne4 24. Qf3 Ndc5 (24... Nxe5 $5 25. fxe5 Bxe5 26. Nxe6 Qxe6 27. Nxe4 fxe4 $11) 25. Bc1 ({Better is} 25. Nxe4 $11 fxe4 26. Qg3) 25... Qc7 (25... h6 $15 26. h4 Bd7) 26. Nge2 Bc8 27. b3 (27. Qg2 $11) 27... Rf7 (27... h6 $17 {Threatens to win with ...hxg5.} 28. gxh6 Bxh6) 28. Ba3 (28. h4 $1 $11 {keeps the balance.}) 28... Bf8 29. Nc1 ({White should play} 29. Bg2 $15) 29... Qb6 $1 $17 30. Qe3 {[#]} (30. Nce2 $17) 30... Ne6 ({Black should try} 30... Rxe5 $3 $19 {[%mdl 512] aiming for ...Re8.} 31. Kg2 (31. fxe5 $2 {loses.} f4 $19) 31... Ree7) 31. Nxe6 $15 Qxe3+ 32. Rxe3 Bxa3 33. Rxa3 Bxe6 34. Nd3 c5 $36 {[%mdl 2048] Black has some pressure.} 35. Ra1 b6 36. Nf2 d4 37. Ree1 (37. Nxe4 $15 fxe4 38. Rxe4) 37... Nc3 $17 38. Bg2 Bd5 (38... c4 $17 39. bxc4 Bxc4) 39. Nd3 (39. Nd1 $15) 39... Be4 40. Kf2 {[#]} h6 $1 {[%cal Bh7h6,Bh6g5][%mdl 544]} 41. h4 {[#]} (41. gxh6 Rh7) 41... Rh7 $1 {Strongly threatening ...hxg5.} 42. Kg3 (42. gxh6 $17 Rxh6 43. Rh1) 42... Kf7 43. Bxe4 fxe4 44. Nf2 hxg5 45. Nxe4 Nxe4+ ({Weaker is} 45... gxh4+ 46. Kh3 $17) 46. Rxe4 Rxh4 $19 {[%mdl 4096] Endgame KRR-KRR} ({Not} 46... gxh4+ 47. Kh3 $17) 47. Rf1 (47. e6+ $142 Ke7 48. Rae1) 47... Ke6 48. Re2 Rxf4 49. Rh1 Kd5 50. Rh7 Rxe5 {Black is clearly winning.} 51. Rd7+ Ke6 52. Rxe5+ Kxe5 {KR-KR} 53. Re7+ Kd5 54. Rd7+ Kc6 55. Rg7 Rf6 56. Kg4 Rf2 57. Rxg6+ Kb7 {Precision: White = 22%, Black = 40%.} 0-1

[Event "26th Troya Open 2018"]
[Site "Canakkale"]
[Date "2018.08.05"]
[Round "4.5"]
[White "Gulsoy, Mustafa Alpago"]
[Black "Ozen, Bahadir"]
[Result "1-0"]
[WhiteElo "1978"]
[BlackElo "2302"]
[Annotator "TA"]
[PlyCount "91"]
[EventDate "2018.08.06"]
[EventType "swiss"]
[EventCountry "TUR"]
[SourceTitle "playchess.com"]
[Source "ChessBase"]
[SourceQuality "1"]

{[%evp 19,91,55,68,50,51,54,56,63,60,57,78,-14,0,-14,-17,-56,-8,-8,-3,-15,-23,-4,69,69,69,69,69,69,69,66,79,79,113,98,114,102,179,179,162,175,287,287,310,310,328,312,569,569,1074,1079,1037,679,1360,1395,1379,1389,1217,1227,1326,1269,1816,1184,29986,29987,29991,29992,29993,29993,29994,29995,29995,29996,29996,29997]} 1. e4 g6 2. d4 Bg7 3. Nf3 d6 4. h3 Nd7 5. Bc4 e6 6. O-O {B06: Modern Defence} Ne7 7. Nc3 (7. c3 O-O 8. Re1 b6 9. Qe2 Bb7 10. Ba6 Bxa6 11. Qxa6 c5 12. Qe2 Rc8 13. Na3 cxd4 14. cxd4 {0-1 (32) Ly,M (2462)-Fedoseev,V (2664) Doha 2015}) 7... h6 8. Be3 a6 9. a4 b6 10. Qd2 Bb7 {LiveBook: 15 Games} 11. Rae1 $146 ({Predecessor:} 11. Rfe1 g5 12. d5 e5 13. Ne2 {1-0 (13) Siikaluoma,A (2551)-Groth,G (2257) ICCF email 2009}) 11... Nf6 12. d5 e5 13. Nh2 g5 14. Be2 Ng6 15. g3 (15. Ng4 $16) 15... Bc8 16. Kg2 Qd7 17. Ng4 h5 (17... Nh7 $5 {[%cal Rh6h5]}) 18. Nxf6+ Bxf6 19. Rh1 ({Don't play} 19. Bxg5 Qxh3+ 20. Kg1 h4 $17) 19... Nf4+ $1 20. Bxf4 gxf4 (20... exf4 $11 21. gxf4 gxf4) 21. Qd1 $1 $36 {[%mdl 2048] White has good play.} h4 22. Bg4 Qd8 23. Bxc8 Qxc8 24. g4 Qb7 25. Qd3 Kd7 26. Rd1 Rhb8 27. Na2 {[%cal Bc3a2,Ba2b4,Bb4c6][%mdl 32]} b5 {[#]} (27... a5 $16 {is a better defense.}) 28. Nb4 $1 $18 bxa4 29. Nc6 Rg8 (29... Qxb2 $142 30. Nxb8+ Rxb8) 30. Ra1 Bg5 31. Rxa4 Qb5 32. b3 Qc5 $2 {[#]} (32... Qxd3 {keeps fighting.} 33. cxd3 Rg6) 33. Rha1 f3+ 34. Qxf3 Bf4 35. Qd3 f6 36. Rxa6 Rxa6 37. Rxa6 Bg3 38. fxg3 hxg3 39. Qe2 Qc3 40. Ra4 Rh8 41. Rc4 {White mates.} Qa1 42. Qf3 Rh6 43. g5 Rh4 44. Qf5+ Ke8 45. Qe6+ Kf8 46. Qxf6+ {Precision: White = 77%, Black = 45%.} 1-0

[Event "26th Troya Open 2018"]
[Site "Canakkale"]
[Date "2018.08.05"]
[Round "4.6"]
[White "Yerden, Huseyin Eren"]
[Black "Eminov, Orkhan"]
[Result "0-1"]
[WhiteElo "2051"]
[BlackElo "2272"]
[Annotator "TA"]
[PlyCount "88"]
[EventDate "2018.08.06"]
[EventType "swiss"]
[EventCountry "TUR"]
[SourceTitle "playchess.com"]
[Source "ChessBase"]
[SourceQuality "1"]

{[%evp 17,88,-1,28,-12,-12,-32,0,-32,-48,-32,-34,-63,-56,-82,-54,-59,60,-60,-54,-99,-114,-132,-100,-247,-109,-102,-97,-232,-208,-187,81,89,83,76,86,64,61,68,145,130,202,198,181,131,162,31,51,62,171,64,63,55,68,62,55,0,0,-63,-52,-171,-101,-110,-126,-197,-154,-155,-92,-150,-102,-667,-497,-1389,-1446]} 1. d4 Nf6 2. c4 g6 3. g3 Bg7 4. Bg2 d6 5. Nc3 O-O 6. Nf3 Nc6 7. O-O a6 8. h3 Rb8 9. a4 e5 10. dxe5 {E63: King's Indian: Fianchetto: Panno Variation with 7...a6} (10. d5 $5 {[%cal Rd5c6]} Nb4 11. Bd2 $11) (10. Be3 Nd7 11. a5 h6 12. Qd2 Kh7 13. Rfd1 Re8 14. dxe5 Ndxe5 15. Nxe5 Nxe5 16. b3 Nc6 17. Ra4 Be6 {0-1 (25) Zacurdajev,M (2314)-Krylov,M (2417) Nojabrsk 2005}) 10... dxe5 11. Bg5 Be6 $146 (11... h6 {feels hotter.} 12. Be3 Be6 13. Qc1 Kh7 14. b3 Qe7) ({Predecessor:} 11... Qxd1 12. Rfxd1 h6 13. Bxf6 Bxf6 14. Nd5 Bd8 15. b4 f6 16. b5 Na5 17. Rab1 Bf5 {0-1 (60) Ozorowski,E (1859)-Stolarczyk,A (2168) Poland 2011}) 12. Nd2 {[%cal Bf3d2,Bd2e4,Be4c5][%mdl 32] The position is equal.} (12. Nd5 $5) 12... h6 13. Bxf6 Bxf6 14. Nd5 Bg7 $1 15. Ne4 f5 16. Nc5 Bf7 {[#]} (16... Bc8 $15) 17. b4 ({White must play} 17. Nd7 $1 $14 {[%mdl 512]}) 17... e4 18. Rc1 {White wants to play Nd7!} Ne5 19. Ne3 Qe7 20. Qc2 {[#]} (20. a5 $17 {was necessary.}) 20... c6 (20... a5 $1 $19 {[%mdl 512] and Black stays clearly on top.} 21. Nxe4 (21. bxa5 Qxc5) 21... fxe4) 21. a5 $17 Kh8 22. f4 (22. Rcd1 $17) 22... exf3 $1 $19 23. exf3 {[%cal Be2f3,Bf3f4][%mdl 32]} Qg5 $2 (23... b6 $1 $19 {[%cal Rb6c5]} 24. axb6 Rxb6) 24. f4 $1 $16 {[%cal Rf4g5]} Qxg3 25. Qf2 Qxf2+ 26. Kxf2 Rfd8 $1 {[%cal Rd8d2]} 27. fxe5 {And now Rfd1 would win.} Bxe5 ({Better is} 27... Rd2+ $1 $14 28. Ke1 Rb2) 28. Rfd1 {Strongly threatening Nd7.} f4 (28... Bb2 $16) 29. Ng4 $18 Bd4+ 30. Kf1 Kg7 {[#]} 31. Rc2 ({White should play} 31. Re1 $1 $18) 31... h5 32. Nf2 g5 {[#]} (32... Bxc5 $1 $14 33. bxc5 Rxd1+ 34. Nxd1 g5) 33. Bf3 (33. Rcd2 $1 $18 {[%cal Rd2d4]} Bxc5 34. Rxd8 Rxd8 35. Rxd8 Bxb4 36. Rd7) 33... Bxc5 $1 $14 34. Rxd8 Rxd8 35. bxc5 Kg6 36. Ne4 ({White should try} 36. Be2 $14) 36... Be6 $11 37. Bg2 (37. Nf2 $11) 37... Rd3 $15 {[%mdl 1024] ...f3 is the strong threat. Black has compensation.} 38. Nf2 (38. Rd2 $15 Ra3 39. Kf2) 38... Ra3 (38... Re3 $19 39. Be4+ Kf6) 39. Be4+ $17 Kf6 40. Kg2 (40. Rb2 $17) 40... g4 {[%cal Bg5g4,Bg4g3][%mdl 32]} ({Not} 40... Rxa5 41. Bf3 $11) 41. Rd2 Rxa5 ({Inferior is} 41... Bxc4 42. hxg4 h4 43. Rd7 $16) 42. Rd6 (42. Rb2 $142) 42... Ke5 {aiming for ...gxh3+.} 43. Rd8 $2 {[%mdl 8192]} (43. hxg4 $17 hxg4 44. Bh7) 43... g3 44. Nd3+ (44. Bb1 $142 gxf2 45. Kxf2) 44... Kxe4 {Precision: White = 22%, Black = 35%.} 0-1

[Event "26th Troya Open 2018"]
[Site "Canakkale"]
[Date "2018.08.05"]
[Round "4.7"]
[White "Laciner, Kerem"]
[Black "Yordanova, Svetla"]
[Result "1-0"]
[WhiteElo "2240"]
[BlackElo "2116"]
[Annotator "TA"]
[PlyCount "65"]
[EventDate "2018.08.06"]
[EventType "swiss"]
[EventCountry "TUR"]
[SourceTitle "playchess.com"]
[Source "ChessBase"]
[SourceQuality "1"]

{[%evp 18,65,41,39,36,43,37,43,70,91,132,150,148,141,143,148,300,300,300,305,303,295,299,305,321,318,334,337,329,323,456,450,607,591,591,574,715,706,963,962,951,931,884,905,879,841,977,965,803,701]} 1. d4 Nf6 2. Nf3 g6 3. g3 Bg7 4. Bg2 O-O 5. O-O d6 6. c4 Nc6 7. Nc3 a6 8. Bf4 Rb8 {E63: King's Indian: Fianchetto: Panno Variation with 7...a6} 9. Rc1 Bg4 (9... h6 10. d5 e5 11. Bd2 Ne7 12. e4 Nd7 13. Ne1 f5 14. Nd3 Nf6 15. f4 Nxe4 16. Nxe4 fxe4 17. Bxe4 exf4 18. Nxf4 {½-½ (56) Tregubov,P (2575)-Amin,B (2689) Riadh 2017}) 10. b3 {LiveBook: 6 Games} Nh5 {White is slightly better.} 11. Be3 {[%cal Bf4e3,Be3a7,Ba7b8,Bb8c7][%mdl 32]} e5 12. dxe5 Nxe5 13. Nxe5 dxe5 $146 ({Predecessor:} 13... Bxe5 14. Qd2 Re8 15. Rfd1 Ng7 16. h3 {1-0 (44) Mareco,S (2582)-Pardo Simon,D (2451) Caleta 2014}) 14. Ba7 Bh6 15. h3 Be6 16. Bxb8 Bxc1 $2 {[#]} (16... Qxb8 $16 17. e3 Nxg3) 17. Qxd8 $18 ({Weaker is} 17. Qxc1 Qxb8 18. Ne4 c6 $14) 17... Rxd8 18. Bxc7 ({Less strong is} 18. Rxc1 Rxb8 19. Na4 b6 $14) 18... Rd7 19. Bxe5 Bb2 20. Rb1 Ba3 21. Rd1 f6 22. Rxd7 Bxd7 23. Bd4 ({Stronger than} 23. Bxb7 fxe5 24. g4 Nf4 $15) 23... b5 (23... Bc6 {was necessary.} 24. Bd5+ Kf8) 24. Nd5 {White is clearly winning.} bxc4 25. g4 cxb3 26. axb3 Bb5 27. gxh5 Bxe2 28. Nxf6+ Kf7 29. h6 Bc1 30. Bd5+ Ke7 31. Ng4 Bxg4 32. hxg4 Bxh6 33. Bc4 {Precision: White = 97%, Black = 40%.} 1-0

[Event "26th Troya Open 2018"]
[Site "Canakkale"]
[Date "2018.08.05"]
[Round "4.8"]
[White "Olcum, Ahmet"]
[Black "Grigoriev, Armen"]
[Result "1-0"]
[WhiteElo "2274"]
[BlackElo "2079"]
[Annotator "TA"]
[PlyCount "81"]
[EventDate "2018.08.06"]
[EventType "swiss"]
[EventCountry "TUR"]
[SourceTitle "playchess.com"]
[Source "ChessBase"]
[SourceQuality "1"]

{[%evp 13,81,-45,-55,-75,-76,-69,-20,-24,-23,-26,0,0,0,-1,-5,-13,26,24,12,16,5,6,23,16,41,38,41,31,33,33,52,27,44,23,33,25,25,30,22,32,75,12,31,19,163,164,143,56,158,161,222,199,252,275,358,268,254,222,448,415,481,476,985,990,958,943,1040,1029,997,987]} 1. d4 Nf6 2. Bf4 g6 3. Nc3 c5 4. d5 d6 5. e4 Bg7 6. Be2 {A45: Trompowsky Attack} (6. Nf3 Qb6 7. Bb5+ Bd7 8. a4 a6 9. a5 Qd8 10. Be2 b5 11. axb6 Qxb6 12. Rb1 Bb5 13. O-O Nbd7 14. Re1 {0-1 (49) Caruana,F (2816)-Nakamura,H (2769) Paris 2018}) 6... O-O 7. Nf3 b5 $1 {[%cal Bb7b5,Bb5b4][%mdl 32] LiveBook: 4 Games} 8. Qd3 $146 {Black is slightly better.} ({Predecessor:} 8. e5 dxe5 9. Bxe5 b4 10. Na4 Nbd7 11. c4 Nxe5 12. Nxe5 Qd6 13. Nd3 Nd7 14. O-O Rb8 {0-1 (24) Bronowicki,M (2327)-Tazbir,M (2520) Mrzezyno 2011}) 8... b4 9. Nd1 Nbd7 10. O-O a5 11. Nd2 Nb6 12. c4 bxc3 13. Nxc3 Ba6 14. Qe3 Nh5 15. Bxh5 {Threatens to win with Be2.} Bxf1 16. Nxf1 {And now Be2 would win.} gxh5 17. Ng3 Kh8 18. Nxh5 Rg8 19. Nxg7 Rxg7 20. Ne2 Qd7 21. Ng3 {[%mdl 1024] White has compensation.} Rag8 22. Qb3 Qc7 23. Bd2 a4 24. Qb5 $36 {[%mdl 2048] White is pushing.} Qa7 25. Bc3 f6 26. Kh1 Rb8 {Strongly threatening ...Nxd5!} 27. Qe2 (27. Qd3 $16) 27... Qd7 (27... a3 $5 {[%cal Rb6a4]} 28. b3 Rbg8 $14) 28. Rd1 Qe8 (28... Rbg8 $11) 29. Nf5 $18 {[%cal Bg3f5,Bf5e3,Be3f5][%mdl 32]} Rg6 30. f4 (30. h4 $16) 30... a3 {[#]} (30... Na8 $1 $14) 31. b3 $1 $16 {[%cal Bb2b3,Bb3c4][%mdl 32]} ({Much less strong is} 31. bxa3 $6 Na4 $14) 31... Qf7 {[#]} (31... Na8 $142) 32. g4 $1 $18 {[%cal Bg2g4,Bg4g5][%mdl 32]} c4 (32... h6 $142 33. h4 Kh7) 33. bxc4 Rc8 34. Ne3 Nd7 35. g5 Kg8 $2 (35... h6 {is a better defense.} 36. Qg4 Qe8) 36. Nf5 Kf8 37. h4 {White is clearly winning.} fxg5 (37... Ke8 $142 38. Rf1 Qf8) 38. fxg5 Ke8 39. Rf1 Qg8 40. e5 dxe5 41. Bxe5 {Precision: White = 64%, Black = 33%.} 1-0